Szczegóły MARC21

Regiony Nadmorskie /

001 -Numer kontrolny rekordu [,]
    • @
    • pole kontrolne
    • gg2000602077
005 -Data i czas ostatniej zmiany [,]
    • @
    • Data ostatniej zmiany
    • 20241231091608.0
035 -Inne numery kontrolne [ , ]
    • a
    • Numer kontrolny
    • (OCoLC)1424071093
040 -Instytucja sporządzająca opis [ , ]
    • a
    • Instytucja, która sporządziła opis (NP)
    • LUBL U/ZD
    • c
    • Instytucja, która sporządziła rekord (NP)
    • LUBL U/ZD
    • d
    • Instytucja, która zmodyfikowała rekord (P)
    • LUBL U/AW
    • d
    • Instytucja, która zmodyfikowała rekord (P)
    • GD U/ASO
    • d
    • Instytucja, która zmodyfikowała rekord (P)
    • WA U/MBr
    • d
    • Instytucja, która zmodyfikowała rekord (P)
    • GD U/MN
    • d
    • Instytucja, która zmodyfikowała rekord (P)
    • WA U/MKs
    • d
    • Instytucja, która zmodyfikowała rekord (P)
    • WA U/AW
    • d
    • Instytucja, która zmodyfikowała rekord (P)
    • WA U/MASZ
942 -Rodzaj dokumentu [ , ]
    • c
    • Rodzaj dokumentu
    • Wydaw. ciągłe w tym czasopisma
998 -Inne dane NUKAT [ , ]
    • a
    • Numer systemowy
    • vtls000035843
245 -Strefa tytułu i oznaczenia odpowiedzialności [0,0]
    • a
    • Tytuł
    • Regiony Nadmorskie /
    • c
    • Pozostałe elementy strefy tytułu i oznaczenia odpowiedzialności (NP)
    • Uniwersytet Gdański. Katedra Geografii Rozwoju Regionalnego.
246 -Wariant tytułu [1,3]
    • a
    • Tytuł (NP)
    • Coastal Regions
260 -Strefa adresu wydawniczego [ , ]
    • a
    • Miejsce wydania (P)
    • Gdańsk :
    • b
    • Nazwa wydawcy (P)
    • Wydawnictwo UG,
    • c
    • Data wydania (P)
    • 1999-.
300 -Strefa opisu fizycznego [ , ]
    • c
    • Format (NP)
    • 24 cm.
310 -Częstotliwość [ , ]
    • a
    • Częstotliwość
    • Nieregularne
336 -Typ zawartości [ , ]
    • a
    • Termin opisujący typ zawartości
    • Tekst
    • b
    • Typ/rodzaj nośnika
    • txt
    • 2
    • Źródło (termin i kod)
    • rdacontent
337 -Typ mediów [ , ]
    • a
    • Tryb odtwarzania
    • Bez urządzenia pośredniczącego
    • b
    • Kod typu mediów
    • n
    • 2
    • Źródło (termin i kod)
    • rdamedia
338 -Typ/rodzaj nośnika [ , ]
    • a
    • Hasło opisujące typ nośnika
    • Wolumin
    • b
    • Kod typu nośnika
    • nc
    • 2
    • Źródło (termin i kod)
    • rdacarrier
362 -Strefa numeracji [0, ]
    • a
    • Strefa numeracji
    • 1-.
500 -Uwaga ogólna [ , ]
    • a
    • Uwaga ogólna (NP)
    • Niektóre numery ukazują się w języku angielskim.
500 -Uwaga ogólna [ , ]
    • a
    • Uwaga ogólna (NP)
    • Od 2003 [?] drugi wydawca: Pelplin : Bernardinum.
550 -Uwaga dot. instytucji sprawczej [ , ]
    • a
    • Uwaga dot. instytucji sprawczej
    • Od 2019 / Uniwersytet Gdański - Zakład Rozwoju Regionalnego.
650 -Hasło przedmiotowe - nazwa pospolita [ ,7]
    • a
    • Hasło przedmiotowe
    • Zagospodarowanie przestrzenne wybrzeży morskich
710 -Hasło dodatkowe - nazwa ciała zbiorowego [2, ]
    • a
    • Nazwa ciała zbiorowego lub nazwa geograficzna jako pierwszy element (NP)
    • Uniwersytet Gdański.
    • b
    • Nazwa jednostki podrzędnej (P)
    • Katedra Geografii Rozwoju Regionalnego.
710 -Hasło dodatkowe - nazwa ciała zbiorowego [2, ]
    • a
    • Nazwa ciała zbiorowego lub nazwa geograficzna jako pierwszy element (NP)
    • Uniwersytet Gdański.
    • b
    • Nazwa jednostki podrzędnej (P)
    • Wydawnictwo.
    • 4
    • Określenie rodzaju współpracy
    • pbl
710 -Hasło dodatkowe - nazwa ciała zbiorowego [2, ]
    • a
    • Nazwa ciała zbiorowego lub nazwa geograficzna jako pierwszy element (NP)
    • Uniwersytet Gdański.
    • b
    • Nazwa jednostki podrzędnej (P)
    • Zakład Rozwoju Regionalnego.
952 -Egzemplarz [ , ]
    • c
    • Sygnatura
    • Blc.8076
    • d
    • Lokalizacja
    • BG Dział Udostępniania Biblioteka Główna
    • i
    • Nr tomu wydaw.cg
    • 3 (2001)
    • y
    • Status udostępniania
    • Tylko na miejscu
952 -Egzemplarz [ , ]
    • c
    • Sygnatura
    • Blc.8076
    • d
    • Lokalizacja
    • BG Dział Udostępniania Biblioteka Główna
    • i
    • Nr tomu wydaw.cg
    • 5 (2002)
    • y
    • Status udostępniania
    • Tylko na miejscu
952 -Egzemplarz [ , ]
    • c
    • Sygnatura
    • Blc.8076
    • d
    • Lokalizacja
    • BG Dział Udostępniania Biblioteka Główna
    • i
    • Nr tomu wydaw.cg
    • 6 (2003)
    • y
    • Status udostępniania
    • Tylko na miejscu
952 -Egzemplarz [ , ]
    • c
    • Sygnatura
    • Blc.8076
    • d
    • Lokalizacja
    • BG Dział Udostępniania Biblioteka Główna
    • i
    • Nr tomu wydaw.cg
    • 7 (2004)
    • y
    • Status udostępniania
    • Tylko na miejscu
952 -Egzemplarz [ , ]
    • c
    • Sygnatura
    • Blc.8076
    • d
    • Lokalizacja
    • BG Dział Udostępniania Biblioteka Główna
    • i
    • Nr tomu wydaw.cg
    • 8 (2004)
    • y
    • Status udostępniania
    • Tylko na miejscu
952 -Egzemplarz [ , ]
    • a
    • Numer inwentarzowy
    • Cg.37074
    • c
    • Sygnatura
    • Blc.8076
    • d
    • Lokalizacja
    • BG Dział Udostępniania Biblioteka Główna
    • e
    • Akcesja
    • 16d318a/7
    • i
    • Nr tomu wydaw.cg
    • 23 (2015)
    • p
    • Kod kreskowy
    • 2003000370744
    • r
    • Cena
    • 15.00
    • v
    • Data wprowadzenia opisu
    • 2016-05-02
    • w
    • Data inwentaryzacji
    • 2016-09-28
    • y
    • Status udostępniania
    • Tylko na miejscu
    • z
    • Sposób nabycia
    • dary zwarte
952 -Egzemplarz [ , ]
    • c
    • Sygnatura
    • Blc.8076
    • d
    • Lokalizacja
    • BG Dział Udostępniania Biblioteka Główna
    • h
    • Uwagi
    • Rek.158963
    • i
    • Nr tomu wydaw.cg
    • 13 (2007)
    • y
    • Status udostępniania
    • Tylko na miejscu
952 -Egzemplarz [ , ]
    • a
    • Numer inwentarzowy
    • Tc.3736
    • d
    • Lokalizacja
    • T Biblioteka Kampusowa Cukrowa EFZ
    • e
    • Akcesja
    • 16d318a/7
    • i
    • Nr tomu wydaw.cg
    • 23 (2015)
    • p
    • Kod kreskowy
    • 2004200037369
    • r
    • Cena
    • 15.00
    • v
    • Data wprowadzenia opisu
    • 2016-05-02
    • w
    • Data inwentaryzacji
    • 2016-09-28
    • y
    • Status udostępniania
    • Tylko na miejscu
952 -Egzemplarz [ , ]
    • a
    • Numer inwentarzowy
    • Cg.34164
    • c
    • Sygnatura
    • Blc.8076
    • d
    • Lokalizacja
    • BG Dział Udostępniania Biblioteka Główna
    • e
    • Akcesja
    • 11d234a/13
    • i
    • Nr tomu wydaw.cg
    • 13 (2007)
    • p
    • Kod kreskowy
    • 2003000341645
    • r
    • Cena
    • 15.00
    • v
    • Data wprowadzenia opisu
    • 2011-03-21
    • w
    • Data inwentaryzacji
    • 2011-04-19
    • y
    • Status udostępniania
    • Tylko na miejscu
    • z
    • Sposób nabycia
    • dary zwarte
952 -Egzemplarz [ , ]
    • a
    • Numer inwentarzowy
    • Cg.34166
    • c
    • Sygnatura
    • Blc.8076
    • d
    • Lokalizacja
    • BG Dział Udostępniania Biblioteka Główna
    • e
    • Akcesja
    • 11d234a/12
    • i
    • Nr tomu wydaw.cg
    • 16 (2008)
    • p
    • Kod kreskowy
    • 2003000341669
    • r
    • Cena
    • 15.00
    • v
    • Data wprowadzenia opisu
    • 2011-03-21
    • w
    • Data inwentaryzacji
    • 2011-04-19
    • y
    • Status udostępniania
    • Tylko na miejscu
    • z
    • Sposób nabycia
    • dary zwarte
952 -Egzemplarz [ , ]
    • a
    • Numer inwentarzowy
    • Cg.34165
    • c
    • Sygnatura
    • Blc.8076
    • d
    • Lokalizacja
    • BG Dział Udostępniania Biblioteka Główna
    • e
    • Akcesja
    • 11d234a/10
    • i
    • Nr tomu wydaw.cg
    • 15 (2008)
    • p
    • Kod kreskowy
    • 2003000341652
    • r
    • Cena
    • 10.00
    • v
    • Data wprowadzenia opisu
    • 2011-03-21
    • w
    • Data inwentaryzacji
    • 2011-04-19
    • y
    • Status udostępniania
    • Tylko na miejscu
    • z
    • Sposób nabycia
    • dary zwarte
952 -Egzemplarz [ , ]
    • a
    • Numer inwentarzowy
    • Cg.34162
    • c
    • Sygnatura
    • Blc.8076
    • d
    • Lokalizacja
    • BG Dział Udostępniania Biblioteka Główna
    • e
    • Akcesja
    • 11d234a/11
    • i
    • Nr tomu wydaw.cg
    • 10 (2006)
    • p
    • Kod kreskowy
    • 2003000341621
    • r
    • Cena
    • 15.00
    • v
    • Data wprowadzenia opisu
    • 2011-03-21
    • w
    • Data inwentaryzacji
    • 2011-04-19
    • y
    • Status udostępniania
    • Tylko na miejscu
952 -Egzemplarz [ , ]
    • a
    • Numer inwentarzowy
    • Cg.34163
    • c
    • Sygnatura
    • Blc.8076
    • d
    • Lokalizacja
    • BG Dział Udostępniania Biblioteka Główna
    • e
    • Akcesja
    • 11d234a/9
    • i
    • Nr tomu wydaw.cg
    • 12 (2006)
    • p
    • Kod kreskowy
    • 2003000341638
    • r
    • Cena
    • 10.00
    • v
    • Data wprowadzenia opisu
    • 2011-03-21
    • w
    • Data inwentaryzacji
    • 2011-04-19
    • y
    • Status udostępniania
    • Tylko na miejscu
    • z
    • Sposób nabycia
    • dary zwarte
Uwagi dla czytelnika
Polskie porty morskie i rola kolei w ich obsłudze na przełomie XX i XXI wieku
Uwarunkowania rozwoju rosyjskiej i polskiej części Euroregionu "Bałtyk"
Polskie porty morskie i rola kolei w ich obsłudze na przełomie XX i XXI wieku
Uwarunkowania rozwoju rosyjskiej i polskiej części Euroregionu
Uwarunkowania rozwoju agroturystyki na obszarach wiejskich gmin Pobrzeża Koszalińskiego
Port w Rotterdamie i jego funkcje
Europa Bałtycka od idei do rzeczywistości
Wybrane problemy przekształceń miast Polski północnej